000 00638nam a22002417a 4500
003 UA-OsUOA
001 36376
007 ta
008 20060123b un ||||| |||| 00| 0 ukr d
100 _aСартр Жан-Поль
090 _a141
_bС20
942 _cBK
040 _aUA-OsUOA
_bukr
_cUA-OsUOA
_dUA-OsUOA
245 _aБуття і ніщо
_bНарис феноменологічної онтології
300 _a854 с.
955 _a2
041 _aukr
080 _a141
020 _a966-500-137-Х
260 _aК.
_bОснова
_c2001
650 7 _a1 Філософські науки
_2UDC
999 _c322613
_d322613